| 000 | 00784nam a2200265 4500 | ||
|---|---|---|---|
| 001 | 36746 | ||
| 010 | _a9789722370783 | ||
| 021 |
_aPT _b515712/23 |
||
| 090 | _a36746 | ||
| 100 | _a20231127d2023 m y0pory50030103ba | ||
| 101 | 1 | _apor | |
| 102 | _aPT | ||
| 200 | 1 |
_aO pequeno livro do ikigai _fKen Mogi _gtrad. Ana Cristina Pais |
|
| 205 | _a2.ª ed | ||
| 210 | 9 |
_aLisboa _cPresença _d2023 |
|
| 215 |
_a119 p. _cil. _d24 cm |
||
| 304 | _aTít. orig: The little book of ikigai | ||
| 675 |
_a159.923(035) _vBN _zpor |
||
| 675 |
_a615.85(035) _vBN _zpor |
||
| 700 |
_aMogi _bKen _97080 |
||
| 702 |
_97007 _aPais, _bAna Cristina _4730 |
||
| 801 | 0 |
_aPT _bBN _gRPC |
|
| 856 | 4 | 1 | _uhttp://rnod.bnportugal.gov.pt/ImagesBN/winlibimg.aspx?skey=&doc=2150363&img=186332&save=true |
| 990 | _cLIVROS | ||
| 994 | _aCOMP | ||